| 000 | 00726nam a2200193 a 4500 | ||
|---|---|---|---|
| 003 | 0 | ||
| 005 | 20250415095327.0 | ||
| 008 | 060801s19uu xx 00 eng d | ||
| 050 |
_aPHS SB 123 _b.S28 2006 |
||
| 100 | _aSato, Mark Bryle Perez. | ||
| 245 |
_aThe Effect of varying storage temperatures on the percent germination of mungbean (Vigna radiata) / _cMark Bryle Perez Sato. |
||
| 260 |
_aLas PiƱas City, Philippines : _bSouthville International School and Colleges, _c2006. |
||
| 300 |
_a25 pages : _billustrations ; _c28 cm. |
||
| 504 | _aIncludes bibliographical references. | ||
| 650 |
_aMungbean _xSeed germination. |
||
| 650 |
_aSeeds _xEffect of temperature on. |
||
| 650 |
_aSeeds _xStorage. |
||
| 942 |
_2lcc _cPASS |
||
| 999 |
_c97655 _d97655 |
||